| 000 | 00523nam a2200193Ia 4500 | ||
|---|---|---|---|
| 005 | 20230816104128.0 | ||
| 008 | 131103s9999 xx 000 0 und d | ||
| 040 | _aLoreto College | ||
| 041 | _aEnglish | ||
| 082 |
_a922 _bFIR-COL |
||
| 100 | _aColmcille,Mary | ||
| 245 |
_aFirst The Blade _b history of the I.B.V.M. (Loreto) in India _cMother Mary Colmcille |
||
| 260 |
_aCalcutta _bFirma K.L.M. _c1968 |
||
| 300 | _avii,333 p. | ||
| 504 | _aIncludes index | ||
| 650 | _aBiography | ||
| 850 | _aLCLIB | ||
| 942 | _cBK | ||
| 999 |
_c13995 _d64474 |
||